One Stop Resource for all Your Exam Needs in Pharmacology: Complementary to Essentials of Medical Pharmacology,9/e (Record no. 54356)

000 -LEADER
fixed length control field 00477nam a2200145Ia 4500
008 - FIXED-LENGTH DATA ELEMENTS--GENERAL INFORMATION
fixed length control field 260414s9999 xx 000 0 und d
020 ## - INTERNATIONAL STANDARD BOOK NUMBER
International Standard Book Number 9.789356962e+012
082 ## - DEWEY DECIMAL CLASSIFICATION NUMBER
Classification number 615.1
Item number TRI/E
100 ## - MAIN ENTRY--PERSONAL NAME
Personal name Tripathi, K.D.
245 #0 - TITLE STATEMENT
Title One Stop Resource for all Your Exam Needs in Pharmacology: Complementary to Essentials of Medical Pharmacology,9/e
250 ## - EDITION STATEMENT
Edition statement 9th Edition
260 ## - PUBLICATION, DISTRIBUTION, ETC.
Place of publication, distribution, etc. New Delhi
Name of publisher, distributor, etc. Jaypee Brothers Medical Publishers Pvt Ltd
Date of publication, distribution, etc. 2026
300 ## - PHYSICAL DESCRIPTION
Extent 183p.
942 ## - ADDED ENTRY ELEMENTS (KOHA)
Koha item type Book
Holdings
Withdrawn status Lost status Damaged status Not for loan Collection code Permanent Location Current Location Date acquired Cost, normal purchase price Full call number Barcode Date last seen Price effective from Koha item type
        School of Pharmacy (Noida) MUIT-NOIDA MUIT-NOIDA 2026-04-14 1895.00 615.1 TRI/E SOP03341 2026-04-14 2026-04-14 Book

All Rights Reserved@MUIT

Powered by Koha